Futuribles Analyse, prévision, prospective
Salvato in:
| Natura: | Periodico |
|---|---|
| Lingua: | francese |
| Pubblicazione: |
Paris
Futuribles Sarl
1992
|
| Soggetti: | |
| Tags: |
Nessun Tag, puoi essere il primo ad aggiungerne!!
|
MARC
| LEADER | 00000nas2a2200000 4500 | ||
|---|---|---|---|
| 001 | s013708 | ||
| 005 | 20240109093805.4 | ||
| 022 | |a 0337-307X | ||
| 041 | 0 | |a fre | |
| 044 | |a FR | ||
| 245 | 1 | 0 | |a Futuribles |b Analyse, prévision, prospective |
| 264 | 1 | |a Paris |b Futuribles Sarl |c 1992 | |
| 300 | |a 2 zv. | ||
| 773 | 0 | |w eu_un_cat*s120180 | |
| 610 | 2 | 0 | |a ekonómia |
| 610 | 2 | 0 | |a prognózy hospodárske |